Zvuky a slová

Bibliographic Details
Main Author: Otčenáš, Igor, 1956- (Author)
Other Authors: Paštéka, Milan, 1931-1998 (Illustrator)
Format: Article
Language:Slovak
PhysicalDescription:Fot. 1. Ilustr. 1.
Subjects:

MARC

LEADER 00000nab a2200000 a 4500
001 vtls000350256
003 SK-MaSNL
005 20260303234640.0
008 140422c1989 xo 0 slo
015 |a SNBRB19rr/mm-uuuuu 
035 |a CL0350378 
040 |a SNKBUCL  |b slo  |c SNKBUCL  |e AACR2 
041 0 |a slo 
044 |a xo  |c SK 
080 |a 885.4-3  |2 1981 
100 1 |a Otčenáš, Igor,  |d 1956-  |4 aut  |9 186730 
245 1 0 |a Zvuky a slová  |c Igor Otčenáš ; Milan Paštéka 
300 |b Fot. 1. Ilustr. 1. 
650 0 7 |a poviedky psychologické  |2 snkbucl  |9 893883 
655 7 |a články z novín a časopisov  |2 snkbucl  |9 267496 
655 7 |a články z odboru literárna veda a krásna literatúra  |2 snkbucl  |9 770045 
700 1 |a Paštéka, Milan,  |d 1931-1998  |4 ill  |9 13307 
773 0 |t Literárny týždenník  |g Roč. 2, č. 16 (1989), s. 6-7 
850 |a Slovenská národná knižnica v Martine  |a MTA001 
852 |a SNK  |b KIS3GCP 
958 |a RK 
958 |a LX 
999 |c 2521920  |d 2523850